| 000 | 00550nam a2200217 a 4500 | ||
|---|---|---|---|
| 001 | 0001-2128 | ||
| 003 | ELIB.Books | ||
| 008 | 190724 2010 eng | ||
| 020 | _a9781930212084 | ||
| 092 |
_a268.432 _bFot |
||
| 100 | _aFoth, Sylvia. | ||
| 245 | _aDaddy, Are We There Yet? | ||
| 260 |
_aWashington _bKidzana Ministries _c2009 |
||
| 300 |
_a223 _c21.5cm |
||
| 650 | _aChildren | ||
| 856 |
_nKBTS Library _uKBTS Elib |
||
| 942 |
_2ddc _cBK |
||
| 990 | _a1 | ||
| 998 |
_aEnglishbooks.elf _ccat _e2019-07-24 |
||
| 999 |
_c12128 _d12128 |
||